O protesto do Lobo Mau (Registo nº 6040)

Detalhes MARC
000 -Etiqueta do registo
Valores 01169nam a2200241 4500
010 ## - Número ISBN
ISBN 9789722419376
021 ## - Número do Depósito Legal
Número 461829/19
100 ## - Dados gerais de processamento
Dados gerais 20251001e2019 c||y0pory50030103ba
200 1# - Titulo e menção de responsabilidade
Título próprio O protesto do Lobo Mau
Primeira menção de responsabilidade Maria Leitão
Outras menções de responsabilidade il. Pedro Velho
210 #9 - Publicação
Local de publicação [S.l.
Nome do editor s.n.],
Data de publicação 2019
215 ## - Descrição física 
Paginação / Volumes 49 p.
Outras indicações físicas il.
330 ## - Sumário ou Resumo
Texto da nota Há um dia, na história do Lobo Mau, em que nada parece fazer sentido.<br/>Quem é aquele urso a fazer-se passar por Capuchinho Vermelho?<br/>E o que está uma rã a fazer na sua história?<br/>Porque será que já não se lembra do caminho para a casa da Avozinha?<br/>E pior: porque estará ele a ser tão manso, se antes era tão feroz?<br/>Nestas páginas, cheias de imprevistos, nada acontece como se imagina.<br/>São muitos os desafios que o Lobo vai ter de ultrapassar, mas nesta caminhada irá fazer uma grande descoberta..
606 ## - Nome comum usado como assunto
ID Autoridade 14
Palavra de ordem Literatura infantil
606 ## - Nome comum usado como assunto
ID Autoridade 15
Palavra de ordem Literatura Portuguesa
675 ## - CDU
Notação 82-93
Edição BN
Língua por
675 ## - CDU
Notação 821.134.3
Edição BN
Língua por
700 ## - Autor principal (pessoa individual)
Apelido Leitão
Nome Maria
Datas 1985-
ID Autoridade 3693
702 ## - Autor secundário (pessoa individual)
Apelido Velho
Nome Pedro
Datas 1991-
ID Autoridade 5732
801 #0 - Fonte de origem
País PT
Agência BEN2VN
Regras de catalogação RPC
830 ## - Notas gerais do catalogador
Criado por Tânia Croca
Data de criação 01/10/2025
990 ## - Elementos KOHA
Tipo de documento Livro
Exemplares
Situação do levantamento Biblioteca de origem Código de barras Cota Permissão de empréstimo Tipo de documento Forma de aquisição
  Biblioteca Escola Nº2 Vendas Novas 100000030226 LI POR/LEI   Livro  

Powered by Koha